| 000 | 01170nam a22002297a 4500 | ||
|---|---|---|---|
| 003 | OSt | ||
| 005 | 20190826163955.0 | ||
| 008 | 150409b xxu||||| |||| 00| 0 eng d | ||
| 040 | _cBMC | ||
| 082 | _a004.1 | ||
| 100 | 1 |
_934805 _aMagaña Magaña, Elsi Beatriz |
|
| 245 | 1 | 0 |
_aSistema de información para la Cancillería - Secretaría Episcopal de la Diócesis de Santa Ana _b: proyecto _cElsi Beatriz Magaña Magaña, Edwin Antonio Cartagena Ramírez, Mike Frandy Pacheco Ramírez; Omar Alaxander Martinez, asesor |
| 260 |
_aSanta Ana (El Salvador) _bUniversidad Católica de El Salvador _c2010 |
||
| 300 |
_a1 v. (pág. var.) _bil. col _c28 cm _e+ 1 disco compacto |
||
| 500 | _aPrecede al tít.: Universidad Católica de El Salvador, Facultad de Ciencias Empresariales | ||
| 502 | _aTrabajo de graduación para optar al grado académico de Licenciatura en Sistemas Informáticos Administrativos | ||
| 650 | 2 | 4 |
_92031 _aInformática |
| 700 | 1 |
_934806 _aCartagena Ramírez, Edwin Antonio |
|
| 700 | 1 |
_934807 _aPacheco Ramírez, Mike Frandy |
|
| 710 | 2 |
_91067 _aUniversidad Católica de El Salvador _bFacultad de Ciencias Empresariales |
|
| 942 |
_2ddc _cTG _hprozim |
||
| 999 |
_c21496 _d21496 |
||